[Event "14e Tournoi des 55 ans et plus de Muret"]
[Site "MURET (31)"]
[Date "2015.06.22"]
[Round "2.8"]
[White "Ruch, Bernard"]
[Black "Parpinel, Mario"]
[Result "1-0"]
[WhiteElo "1981"]
[BlackElo "1612"]
[Annotator ",cash31"]
[PlyCount "91"]
[EventDate "2015.??.??"]

1. d4 {[%emt 0:00:00]} Nf6 {[%emt 0:00:00]} 2. Bg5 {[%emt 0:00:00]} d6 {
[%emt 0:00:00]} 3. e3 {[%emt 0:00:00]} Nbd7 {[%emt 0:00:00]} 4. Nf3 {
[%emt 0:00:00]} g6 {[%emt 0:00:00]} 5. c3 {[%emt 0:00:00]} Bg7 {[%emt 0:00:00]}
6. Nbd2 {[%emt 0:00:00]} d5 {[%emt 0:00:00]} 7. Bd3 {[%emt 0:00:00]} O-O {
[%emt 0:00:00]} 8. Qe2 {[%emt 0:00:00]} c5 {[%emt 0:00:00]} 9. h3 {
[%emt 0:00:00]} Re8 {[%emt 0:00:00]} 10. O-O {[%emt 0:00:00]} e5 {
[%emt 0:00:00]} 11. dxe5 {[%emt 0:00:00]} Nxe5 {[%emt 0:00:00]} 12. Nxe5 {
[%emt 0:00:00]} Rxe5 {[%emt 0:00:00]} 13. Nf3 {[%emt 0:00:00]} Re8 {
[%emt 0:00:00]} 14. Rad1 {[%emt 0:00:00]} Qa5 {[%emt 0:00:00]} 15. Bb1 {
[%emt 0:00:00]} Be6 {[%emt 0:00:00]} 16. Bf4 {[%emt 0:00:00]} b5 {
[%emt 0:00:00]} 17. Ng5 {[%emt 0:00:00]} Rad8 {[%emt 0:00:00]} 18. Qd2 {
[%emt 0:00:00]} Ne4 {[%emt 0:00:00]} 19. Qc1 {[%emt 0:00:00]} Nxg5 {
[%emt 0:00:00]} 20. Bxg5 {[%emt 0:00:00]} Rc8 {[%emt 0:00:00]} 21. Qd2 {
[%emt 0:00:00]} Rc7 {[%emt 0:00:00]} 22. e4 {[%emt 0:00:00]} d4 {[%emt 0:00:00]
} 23. cxd4 {[%emt 0:00:00]} Qxd2 {[%emt 0:00:00]} 24. Rxd2 {[%emt 0:00:02]}
Bxd4 {[%emt 0:00:10]} 25. b4 {[%emt 0:00:00]} Bc3 {[%emt 0:00:00]} 26. Rd6 {
[%emt 0:00:00]} cxb4 {[%emt 0:00:00]} 27. Rfd1 {[%emt 0:00:00]} a5 {
[%emt 0:00:00]} 28. f4 {[%emt 0:00:00]} f6 {[%emt 0:00:00]} 29. Bh6 {
[%emt 0:00:00]} f5 {[%emt 0:00:00]} 30. e5 {[%emt 0:00:00]} a4 {[%emt 0:00:00]}
31. Kh2 {[%emt 0:00:00]} b3 {[%emt 0:00:00]} 32. axb3 {[%emt 0:00:00]} Bxb3 {
[%emt 0:00:00]} 33. Rc1 {[%emt 0:00:00]} b4 {[%emt 0:00:00]} 34. g4 {
[%emt 0:00:00]} Be6 {[%emt 0:00:00]} 35. Ra6 {[%emt 0:00:00]} a3 {
[%emt 0:00:00]} 36. gxf5 {[%emt 0:00:00]} Bc4 {[%emt 0:00:00]} 37. Ra5 {
[%emt 0:00:00]} Bd4 {[%emt 0:00:00]} 38. fxg6 {[%emt 0:00:00]} hxg6 {
[%emt 0:00:00]} 39. Bxg6 {[%emt 0:00:00]} Rec8 {[%emt 0:00:00]} 40. Bf5 {
[%emt 0:00:00]} Re8 {[%emt 0:00:00]} 41. Rc2 {[%emt 0:00:00]} b3 {
[%emt 0:00:00]} 42. Rg2+ {[%emt 0:00:00]} Kh8 {[%emt 0:00:00]} 43. Bg5 {
[%emt 0:00:00]} Rc6 {[%emt 0:00:00]} 44. Rxa3 {[%emt 0:00:00]} Bf1 {
[%emt 0:00:00]} 45. Rg4 {[%emt 0:00:00]} Rc2+ {[%emt 0:00:00]} 46. Bxc2 {
[%emt 0:00:00]} 1-0


*

[Event "14e Tournoi des 55 ans et plus de Muret"]
[Site "MURET (31)"]
[Date "2015.06.23"]
[Round "2.9"]
[White "De Biasi, Robert"]
[Black "De Lagontrie, Jean"]
[Result "0-1"]
[WhiteElo "1603"]
[BlackElo "1782"]
[Annotator ",cash31"]
[PlyCount "80"]
[EventDate "2015.??.??"]

1. c4 {[%emt 0:00:00]} e6 {[%emt 0:00:00]} 2. Nc3 {[%emt 0:00:00]} d5 {
[%emt 0:00:00]} 3. cxd5 {[%emt 0:00:00]} exd5 {[%emt 0:00:08]} 4. d4 {
[%emt 0:00:05]} Nf6 {[%emt 0:00:05]} 5. g3 {[%emt 0:00:04]} Be7 {[%emt 0:00:00]
} 6. Bg2 {[%emt 0:00:00]} O-O {[%emt 0:00:11]} 7. Nf3 {[%emt 0:00:00]} c5 {
[%emt 0:00:00]} 8. dxc5 {[%emt 0:00:00]} Bxc5 {[%emt 0:00:00]} 9. O-O {
[%emt 0:00:02]} Nc6 {[%emt 0:00:04]} 10. Bg5 {[%emt 0:00:01]} d4 {
[%emt 0:00:07]} 11. Ne4 {[%emt 0:00:00]} Be7 {[%emt 0:00:03]} 12. Nxf6+ {
[%emt 0:00:07]} Bxf6 {[%emt 0:00:03]} 13. Bxf6 {[%emt 0:00:06]} Qxf6 {
[%emt 0:00:04]} 14. Qd2 {[%emt 0:00:02]} Rd8 {[%emt 0:00:00]} 15. Rac1 {
[%emt 0:00:00]} Be6 {[%emt 0:00:00]} 16. b3 {[%emt 0:00:00]} Rd7 {
[%emt 0:00:00]} 17. Qg5 {[%emt 0:00:00]} Qxg5 {[%emt 0:00:06]} 18. Nxg5 {
[%emt 0:00:00]} Bd5 {[%emt 0:00:02]} 19. Rfd1 {[%emt 0:00:19]} Bxg2 {
[%emt 0:00:00]} 20. Kxg2 {[%emt 0:00:04]} Re8 {[%emt 0:00:00]} 21. Rd2 {
[%emt 0:00:00]} f6 {[%emt 0:00:00]} 22. Nf3 {[%emt 0:00:00]} Kf7 {
[%emt 0:00:00]} 23. Rc4 {[%emt 0:00:00]} Red8 {[%emt 0:00:00]} 24. b4 {
[%emt 0:00:00]} d3 {[%emt 0:00:00]} 25. exd3 {[%emt 0:00:00]} Rxd3 {
[%emt 0:00:00]} 26. Rxd3 {[%emt 0:00:00]} Rxd3 {[%emt 0:00:00]} 27. a4 {
[%emt 0:00:00]} Rxf3 {[%emt 0:00:00]} 28. Rxc6 {[%emt 0:00:00]} Rxf2+ {
[%emt 0:00:00]} 29. Kxf2 {[%emt 0:00:03]} bxc6 {[%emt 0:00:05]} 30. Ke3 {
[%emt 0:00:00]} Ke6 {[%emt 0:00:00]} 31. Kd4 {[%emt 0:00:00]} Kd6 {
[%emt 0:00:00]} 32. h4 {[%emt 0:00:00]} h5 {[%emt 0:00:00]} 33. Ke4 {
[%emt 0:00:00]} g6 {[%emt 0:00:00]} 34. Kd4 {[%emt 0:00:00]} a6 {[%emt 0:00:00]
} 35. Ke4 {[%emt 0:00:00]} c5 {[%emt 0:00:00]} 36. b5 {[%emt 0:00:00]} axb5 {
[%emt 0:00:00]} 37. axb5 {[%emt 0:00:00]} Kc7 {[%emt 0:00:00]} 38. Kd5 {
[%emt 0:00:00]} Kb6 {[%emt 0:00:00]} 39. Kc4 {[%emt 0:00:00]} g5 {
[%emt 0:00:00]} 40. hxg5 {[%emt 0:00:00]} (40. Kd5 {[%emt 0:00:15]}) 40... fxg5
{[%emt 0:00:00]} 0-1


*

[Event "14e Tournoi des 55 ans et plus de Muret"]
[Site "MURET (31)"]
[Date "2015.06.22"]
[Round "2.10"]
[White "Jean, Robert"]
[Black "Fora, Jean-Paul"]
[Result "1-0"]
[WhiteElo "1778"]
[BlackElo "1533"]
[Annotator ",cash31"]
[PlyCount "99"]
[EventDate "2015.??.??"]

1. c4 {[%emt 0:00:00]} e5 {[%emt 0:00:00]} 2. g3 {[%emt 0:00:00]} f5 {
[%emt 0:00:00]} 3. d4 {[%emt 0:00:00]} e4 {[%emt 0:00:00]} 4. Nc3 {
[%emt 0:00:00]} Nf6 {[%emt 0:00:00]} 5. Bg5 {[%emt 0:00:00]} Be7 {
[%emt 0:00:00]} 6. Bg2 {[%emt 0:00:00]} c6 {[%emt 0:00:00]} 7. e3 {
[%emt 0:00:00]} O-O {[%emt 0:00:00]} 8. Nh3 {[%emt 0:00:00]} h6 {[%emt 0:00:00]
} 9. Bxf6 {[%emt 0:00:00]} Rxf6 {[%emt 0:00:00]} 10. O-O {[%emt 0:00:00]} d6 {
[%emt 0:00:00]} 11. Nf4 {[%emt 0:00:00]} Nd7 {[%emt 0:00:00]} 12. b3 {
[%emt 0:00:00]} Nf8 {[%emt 0:00:00]} 13. d5 {[%emt 0:00:00]} c5 {[%emt 0:00:00]
} 14. f3 {[%emt 0:00:00]} exf3 {[%emt 0:00:00]} 15. Bxf3 {[%emt 0:00:00]} Ng6 {
[%emt 0:00:00]} 16. Nxg6 {[%emt 0:00:00]} Rxg6 {[%emt 0:00:00]} 17. Bh5 {
[%emt 0:00:00]} Rf6 {[%emt 0:00:00]} 18. Qd2 {[%emt 0:00:00]} Bd7 {
[%emt 0:00:00]} 19. Rae1 {[%emt 0:00:00]} Be8 {[%emt 0:00:00]} 20. Bxe8 {
[%emt 0:00:00]} Qxe8 {[%emt 0:00:00]} 21. e4 {[%emt 0:00:00]} fxe4 {
[%emt 0:00:00]} 22. Rxf6 {[%emt 0:00:00]} Bxf6 {[%emt 0:00:00]} 23. Nxe4 {
[%emt 0:00:00]} Be5 {[%emt 0:00:00]} 24. Nxd6 {[%emt 0:00:00]} Bd4+ {
[%emt 0:00:00]} 25. Kg2 {[%emt 0:00:00]} Qg6 {[%emt 0:00:00]} 26. Re6 {
[%emt 0:00:00]} Qg4 {[%emt 0:00:00]} 27. Qe2 {[%emt 0:00:00]} Qg5 {
[%emt 0:00:00]} 28. Re8+ {[%emt 0:00:00]} Rxe8 {[%emt 0:00:00]} 29. Qxe8+ {
[%emt 0:00:03]} Kh7 {[%emt 0:00:03]} 30. Qe4+ {[%emt 0:00:00]} Kg8 {
[%emt 0:00:00]} 31. Qf4 {[%emt 0:00:00]} Qe7 {[%emt 0:00:00]} 32. Ne4 {
[%emt 0:00:00]} Be5 {[%emt 0:00:00]} 33. Qf5 {[%emt 0:00:00]} b6 {
[%emt 0:00:00]} 34. Kf3 {[%emt 0:00:00]} Qc7 {[%emt 0:00:00]} 35. Qe6+ {
[%emt 0:00:00]} Qf7+ {[%emt 0:00:00]} 36. Qxf7+ {[%emt 0:00:00]} Kxf7 {
[%emt 0:00:02]} 37. Kg4 {[%emt 0:00:07]} Ke7 {[%emt 0:00:00]} 38. Kf5 {
[%emt 0:00:00]} Bb2 {[%emt 0:00:00]} 39. h4 {[%emt 0:00:00]} Bd4 {
[%emt 0:00:00]} 40. g4 {[%emt 0:00:00]} Bb2 {[%emt 0:00:00]} 41. h5 {
[%emt 0:00:00]} Bd4 {[%emt 0:00:00]} 42. Ng3 {[%emt 0:00:00]} Bf6 {
[%emt 0:00:00]} 43. a4 {[%emt 0:00:00]} Bc3 {[%emt 0:00:00]} 44. Ne2 {
[%emt 0:00:00]} Bf6 {[%emt 0:00:00]} 45. Nf4 {[%emt 0:00:00]} Kf7 {
[%emt 0:00:00]} 46. Ne6 {[%emt 0:00:00]} Be7 {[%emt 0:00:00]} 47. Ke5 {
[%emt 0:00:00]} Bf6+ {[%emt 0:00:00]} 48. Kd6 {[%emt 0:00:00]} g6 {
[%emt 0:00:00]} 49. Kc6 {[%emt 0:00:00]} gxh5 {[%emt 0:00:00]} 50. gxh5 {
[%emt 0:00:00]} 1-0



*

[Event "14e Tournoi des 55 ans et plus de Muret"]
[Site "MURET (31)"]
[Date "2015.06.22"]
[Round "2.11"]
[White "Hocher, Eugene"]
[Black "Auge, Jean"]
[Result "1-0"]
[WhiteElo "1591"]
[BlackElo "1745"]
[Annotator ",cash31"]
[PlyCount "35"]
[EventDate "2015.??.??"]

1. d4 {[%emt 0:00:00]} d5 {[%emt 0:00:00]} 2. Nf3 {[%emt 0:00:13]} e6 {
[%emt 0:00:21]} 3. Nbd2 {[%emt 0:00:00]} f5 {[%emt 0:00:00]} 4. e3 {
[%emt 0:00:09]} Nf6 {[%emt 0:00:09]} 5. Ne5 {[%emt 0:00:00]} c5 {[%emt 0:00:00]
} 6. c3 {[%emt 0:00:00]} Nbd7 {[%emt 0:00:00]} 7. Ndf3 {[%emt 0:00:00]} Bd6 {
[%emt 0:00:00]} 8. Be2 {[%emt 0:00:00]} Qc7 {[%emt 0:00:00]} 9. Nxd7 {
[%emt 0:00:00]} Bxd7 {[%emt 0:00:00]} 10. h3 {[%emt 0:00:00]} Rc8 {
[%emt 0:00:00]} 11. Ng5 {[%emt 0:00:00]} cxd4 {[%emt 0:00:00]} 12. exd4 {
[%emt 0:00:00]} O-O {[%emt 0:00:08]} 13. O-O {[%emt 0:00:06]} h6 {
[%emt 0:00:00]} 14. Nf3 {[%emt 0:00:00]} g5 {[%emt 0:00:00]} 15. Re1 {
[%emt 0:00:00]} Kh7 {[%emt 0:00:00]} 16. Qd2 {[%emt 0:00:00]} Rg8 {
[%emt 0:00:00]} 17. b4 {[%emt 0:00:00]} f4 {[%emt 0:00:00]} 18. Bb2 {
[%emt 0:00:18]} 1-0


*

[Event "14e Tournoi des 55 ans et plus de Muret"]
[Site "MURET (31)"]
[Date "2015.06.23"]
[Round "2.12"]
[White "Schrader, Edmond"]
[Black "Lamory, Jacques"]
[Result "1-0"]
[WhiteElo "1673"]
[BlackElo "1170"]
[Annotator ",cash31"]
[PlyCount "76"]
[EventDate "2015.??.??"]

1. e4 {[%emt 0:00:00]} c6 {[%emt 0:00:00]} 2. d4 {[%emt 0:00:00]} d5 {
[%emt 0:00:00]} 3. Nc3 {[%emt 0:00:00]} dxe4 {[%emt 0:00:00]} 4. Nxe4 {
[%emt 0:00:00]} Bf5 {[%emt 0:00:00]} 5. Ng3 {[%emt 0:00:00]} g6 {[%emt 0:00:00]
} 6. Nxf5 {[%emt 0:00:00]} gxf5 {[%emt 0:00:00]} 7. Nf3 {[%emt 0:00:00]} Bg7 {
[%emt 0:00:00]} 8. c3 {[%emt 0:00:00]} Nf6 {[%emt 0:00:00]} 9. Bd3 {
[%emt 0:00:00]} Nbd7 {[%emt 0:00:00]} 10. Bxf5 {[%emt 0:00:00]} e6 {
[%emt 0:00:00]} 11. Bc2 {[%emt 0:00:00]} Qe7 {[%emt 0:00:00]} 12. O-O {
[%emt 0:00:00]} h5 {[%emt 0:00:00]} 13. Re1 {[%emt 0:00:00]} Qd6 {
[%emt 0:00:00]} 14. g3 {[%emt 0:00:00]} O-O-O {[%emt 0:00:00]} 15. Bf4 {
[%emt 0:00:00]} Qd5 {[%emt 0:00:00]} 16. Ne5 {[%emt 0:00:00]} Rdf8 {
[%emt 0:00:00]} 17. c4 {[%emt 0:00:00]} Qa5 {[%emt 0:00:00]} 18. b4 {
[%emt 0:00:00]} Qd8 {[%emt 0:00:00]} 19. a4 {[%emt 0:00:00]} h4 {[%emt 0:00:00]
} 20. b5 {[%emt 0:00:00]} Bh6 {[%emt 0:00:00]} 21. bxc6 {[%emt 0:00:00]} Bxf4 {
[%emt 0:00:00]} 22. cxb7+ {[%emt 0:00:00]} Kb8 {[%emt 0:00:00]} 23. Nc6+ {
[%emt 0:00:00]} Kxb7 {[%emt 0:00:00]} 24. Nxd8+ {[%emt 0:00:00]} Rxd8 {
[%emt 0:00:00]} 25. Qf3+ {[%emt 0:00:00]} Kc8 {[%emt 0:00:07]} 26. Qxf4 {
[%emt 0:00:00]} hxg3 {[%emt 0:00:00]} 27. fxg3 {[%emt 0:00:00]} Rdg8 {
[%emt 0:00:00]} 28. Qf3 {[%emt 0:00:00]} Kd8 {[%emt 0:00:00]} 29. Rab1 {
[%emt 0:00:00]} Ng4 {[%emt 0:00:00]} 30. Re2 {[%emt 0:00:00]} Ke7 {
[%emt 0:00:00]} 31. Bf5 {[%emt 0:00:00]} Ndf6 {[%emt 0:00:00]} 32. Rb7+ {
[%emt 0:00:00]} Kf8 {[%emt 0:00:00]} 33. Rb8+ {[%emt 0:00:00]} Kg7 {
[%emt 0:00:00]} 34. Rxg8+ {[%emt 0:00:00]} Rxg8 {[%emt 0:00:00]} 35. Bxg4 {
[%emt 0:00:00]} Kh8 {[%emt 0:00:00]} 36. Qxf6+ {[%emt 0:00:00]} Kh7 {
[%emt 0:00:00]} 37. Qxf7+ {[%emt 0:00:00]} Rg7 {[%emt 0:00:00]} 38. Qxg7+ {
[%emt 0:00:00]} Kxg7 {[%emt 0:00:00]} 1-0


*

[Event "14e Tournoi des 55 ans et plus de Muret"]
[Site "MURET (31)"]
[Date "2015.06.22"]
[Round "3.1"]
[White "†, Andjelko"]
[Black "Gregory, Daniel"]
[Result "1-0"]
[WhiteElo "2331"]
[BlackElo "2055"]
[Annotator ",cash31"]
[PlyCount "64"]
[EventDate "2015.??.??"]

1. e4 {[%emt 0:00:00]} c5 {[%emt 0:00:00]} 2. Nf3 {[%emt 0:00:00]} d6 {
[%emt 0:00:00]} 3. c3 {[%emt 0:00:00]} Nf6 {[%emt 0:00:00]} 4. Be2 {
[%emt 0:00:00]} Nc6 {[%emt 0:00:00]} 5. d4 {[%emt 0:00:00]} cxd4 {
[%emt 0:00:00]} 6. cxd4 {[%emt 0:00:00]} Nxe4 {[%emt 0:00:00]} 7. d5 {
[%emt 0:00:00]} Qa5+ {[%emt 0:00:00]} 8. Nc3 {[%emt 0:00:00]} Nxc3 {
[%emt 0:00:00]} 9. bxc3 {[%emt 0:00:00]} Ne5 {[%emt 0:00:00]} 10. O-O {
[%emt 0:00:00]} Nd7 {[%emt 0:00:00]} 11. c4 {[%emt 0:00:00]} Nf6 {
[%emt 0:00:00]} 12. Re1 {[%emt 0:00:00]} g6 {[%emt 0:00:00]} 13. Bf1 {
[%emt 0:00:00]} Bg7 {[%emt 0:00:00]} 14. Bf4 {[%emt 0:00:00]} O-O {
[%emt 0:00:00]} 15. Rxe7 {[%emt 0:00:00]} Qd8 {[%emt 0:00:00]} 16. Re1 {
[%emt 0:00:00]} Bg4 {[%emt 0:00:00]} 17. Rb1 {[%emt 0:00:00]} Nh5 {
[%emt 0:00:00]} 18. Bd2 {[%emt 0:00:00]} b6 {[%emt 0:00:00]} 19. h3 {
[%emt 0:00:00]} Bf5 {[%emt 0:00:00]} 20. Rb3 {[%emt 0:00:00]} Bd7 {
[%emt 0:00:00]} 21. Qc2 {[%emt 0:00:00]} Re8 {[%emt 0:00:00]} 22. Rxe8+ {
[%emt 0:00:00]} Qxe8 {[%emt 0:00:00]} 23. Bh6 {[%emt 0:00:00]} Qe7 {
[%emt 0:00:00]} 24. g4 {[%emt 0:00:00]} Nf6 {[%emt 0:00:00]} 25. Bxg7 {
[%emt 0:00:00]} Kxg7 {[%emt 0:00:00]} 26. Re3 {[%emt 0:00:00]} Qf8 {
[%emt 0:00:00]} 27. Qc3 {[%emt 0:00:00]} h6 {[%emt 0:00:00]} 28. Nd2 {
[%emt 0:00:00]} Re8 {[%emt 0:00:00]} 29. Ne4 {[%emt 0:00:00]} Qe7 {
[%emt 0:00:00]} 30. Rf3 {[%emt 0:00:00]} Qxe4 {[%emt 0:00:00]} 31. Qxf6+ {
[%emt 0:00:00]} Kg8 {[%emt 0:00:00]} 32. Qxf7+ {[%emt 0:00:00]} Kh8 {
[%emt 0:00:00]} 1-0

*

[Event "14e Tournoi des 55 ans et plus de Muret"]
[Site "MURET (31)"]
[Date "2015.06.22"]
[Round "3.2"]
[White "Ljubisavljevic, Zivojin Z"]
[Black "Milnes, Anthony C P"]
[Result "1/2-1/2"]
[WhiteElo "2195"]
[BlackElo "2022"]
[Annotator ",cash31"]
[PlyCount "35"]
[EventDate "2015.??.??"]

1. d4 {[%emt 0:00:00]} e6 {[%emt 0:00:00]} 2. Nf3 {[%emt 0:00:00]} f5 {
[%emt 0:00:00]} 3. Nc3 {[%emt 0:00:00]} Nf6 {[%emt 0:00:00]} 4. Bg5 {
[%emt 0:00:00]} Bb4 {[%emt 0:00:00]} 5. g3 {[%emt 0:00:00]} O-O {[%emt 0:00:00]
} 6. Bg2 {[%emt 0:00:00]} d6 {[%emt 0:00:00]} 7. O-O {[%emt 0:00:00]} Bxc3 {
[%emt 0:00:00]} 8. bxc3 {[%emt 0:00:00]} Qe8 {[%emt 0:00:00]} 9. Bxf6 {
[%emt 0:00:00]} Rxf6 {[%emt 0:00:00]} 10. c4 {[%emt 0:00:00]} Nc6 {
[%emt 0:00:00]} 11. Rb1 {[%emt 0:00:00]} e5 {[%emt 0:00:00]} 12. e3 {
[%emt 0:00:00]} e4 {[%emt 0:00:00]} 13. Nd2 {[%emt 0:00:00]} Na5 {
[%emt 0:00:00]} 14. f3 {[%emt 0:00:00]} exf3 {[%emt 0:00:00]} 15. Bxf3 {
[%emt 0:00:00]} Be6 {[%emt 0:00:00]} 16. d5 {[%emt 0:00:00]} Bd7 {
[%emt 0:00:00]} 17. e4 {[%emt 0:00:00]} fxe4 {[%emt 0:00:00]} 18. Bxe4 {
[%emt 0:00:00]} 1/2-1/2


*

[Event "14e Tournoi des 55 ans et plus de Muret"]
[Site "MURET (31)"]
[Date "2015.06.24"]
[Round "3.3"]
[White "Krauss, Michel"]
[Black "Peric, Slavisa"]
[Result "1-0"]
[WhiteElo "1960"]
[BlackElo "2190"]
[Annotator ",cash31"]
[PlyCount "73"]
[EventDate "2015.??.??"]

1. e4 {[%emt 0:00:00]} e6 {[%emt 0:00:00]} 2. d4 {[%emt 0:00:00]} d5 {
[%emt 0:00:00]} 3. Nc3 {[%emt 0:00:00]} Bb4 {[%emt 0:00:00]} 4. a3 {
[%emt 0:00:00]} Bxc3+ {[%emt 0:00:00]} 5. bxc3 {[%emt 0:00:00]} dxe4 {
[%emt 0:00:00]} 6. Qg4 {[%emt 0:00:00]} Nf6 {[%emt 0:00:00]} 7. Qxg7 {
[%emt 0:00:00]} Rg8 {[%emt 0:00:00]} 8. Qh6 {[%emt 0:00:00]} Nbd7 {
[%emt 0:00:00]} 9. Ne2 {[%emt 0:00:00]} c5 {[%emt 0:00:00]} 10. g3 {
[%emt 0:00:00]} b6 {[%emt 0:00:00]} 11. Bg2 {[%emt 0:00:00]} Bb7 {
[%emt 0:00:00]} 12. O-O {[%emt 0:00:00]} Qe7 {[%emt 0:00:00]} 13. a4 {
[%emt 0:00:00]} O-O-O {[%emt 0:00:00]} 14. Bg5 {[%emt 0:00:00]} Rg6 {
[%emt 0:00:00]} 15. Bxf6 {[%emt 0:00:00]} Nxf6 {[%emt 0:00:00]} 16. Qd2 {
[%emt 0:00:00]} e5 {[%emt 0:00:00]} 17. a5 {[%emt 0:00:00]} exd4 {
[%emt 0:00:00]} 18. cxd4 {[%emt 0:00:00]} cxd4 {[%emt 0:00:00]} 19. axb6 {
[%emt 0:00:00]} axb6 {[%emt 0:00:00]} 20. Ra7 {[%emt 0:00:00]} Qc5 {
[%emt 0:00:00]} 21. Rfa1 {[%emt 0:00:00]} Rg5 {[%emt 0:00:00]} 22. h4 {
[%emt 0:00:00]} Re5 {[%emt 0:00:00]} 23. Nf4 {[%emt 0:00:00]} Kb8 {
[%emt 0:00:00]} 24. Nd3 {[%emt 0:00:00]} Qe7 {[%emt 0:00:00]} 25. Qf4 {
[%emt 0:00:00]} Rdd5 {[%emt 0:00:00]} 26. Nxe5 {[%emt 0:00:00]} Qxe5 {
[%emt 0:00:00]} 27. Qxe5+ {[%emt 0:00:00]} Rxe5 {[%emt 0:00:00]} 28. R7a4 {
[%emt 0:00:00]} Rc5 {[%emt 0:00:00]} 29. Rxd4 {[%emt 0:00:00]} Rxc2 {
[%emt 0:00:00]} 30. Rb1 {[%emt 0:00:00]} Kc7 {[%emt 0:00:00]} 31. Rdb4 {
[%emt 0:00:00]} Rc6 {[%emt 0:00:00]} 32. g4 {[%emt 0:00:00]} Re6 {
[%emt 0:00:00]} 33. g5 {[%emt 0:00:00]} Nh5 {[%emt 0:00:00]} 34. Bh3 {
[%emt 0:00:00]} Re5 {[%emt 0:00:00]} 35. Rxb6 {[%emt 0:00:00]} Bd5 {
[%emt 0:00:00]} 36. R6b4 {[%emt 0:00:00]} Nf4 {[%emt 0:00:00]} 37. Bf1 {
[%emt 0:00:00]} 1-0

*

[Event "14e Tournoi des 55 ans et plus de Muret"]
[Site "MURET (31)"]
[Date "2015.06.22"]
[Round "3.4"]
[White "De Lagontrie, Jean"]
[Black "Ruch, Bernard"]
[Result "0-1"]
[WhiteElo "1782"]
[BlackElo "1981"]
[Annotator ",cash31"]
[PlyCount "45"]
[EventDate "2015.??.??"]

1. d4 {[%emt 0:00:00]} d5 {[%emt 0:00:00]} 2. c4 {[%emt 0:00:00]} e6 {
[%emt 0:00:00]} 3. Nc3 {[%emt 0:00:00]} Nf6 {[%emt 0:00:00]} 4. Bg5 {
[%emt 0:00:00]} c6 {[%emt 0:00:00]} 5. Qc2 {[%emt 0:00:00]} Be7 {[%emt 0:00:00]
} 6. e3 {[%emt 0:00:00]} O-O {[%emt 0:00:00]} 7. Bd3 {[%emt 0:00:00]} Nbd7 {
[%emt 0:00:00]} 8. Nf3 {[%emt 0:00:00]} Re8 {[%emt 0:00:00]} 9. O-O {
[%emt 0:00:00]} Nf8 {[%emt 0:00:00]} 10. h3 {[%emt 0:00:00]} Ne4 {
[%emt 0:00:00]} 11. Bxe7 {[%emt 0:00:00]} Qxe7 {[%emt 0:00:00]} 12. Ne5 {
[%emt 0:00:00]} f5 {[%emt 0:00:00]} 13. f4 {[%emt 0:00:00]} Nd7 {[%emt 0:00:00]
} 14. Nxe4 {[%emt 0:00:00]} fxe4 {[%emt 0:00:00]} 15. Be2 {[%emt 0:00:00]} Nxe5
{[%emt 0:00:00]} 16. dxe5 {[%emt 0:00:00]} Rf8 {[%emt 0:00:00]} 17. Kh2 {
[%emt 0:00:00]} Bd7 {[%emt 0:00:00]} 18. Rf2 {[%emt 0:00:00]} Rae8 {
[%emt 0:00:00]} 19. Bf1 {[%emt 0:00:00]} Qf7 {[%emt 0:00:00]} 20. Qc3 {
[%emt 0:00:00]} Qh5 {[%emt 0:00:00]} 21. Qd2 {[%emt 0:00:00]} g5 {
[%emt 0:00:00]} 22. g3 {[%emt 0:00:00]} g4 {[%emt 0:00:00]} 23. Bg2 {
[%emt 0:00:00]} 0-1

*